[Event "Women's Speed Chess Q2"]
[Site "chess.com INT"]
[Date "2021.05.29"]
[Round "12"]
[White "Antolak, Julia"]
[Black "Antova, Gabriela"]
[Result "1-0"]
[WhiteTitle "WIM"]
[BlackTitle "FM"]
[WhiteElo "2306"]
[BlackElo "2250"]
[WhiteFideId "1159569"]
[BlackFideId "2915235"]
[EventDate "2021.05.29"]

1. e4 c5 2. Nf3 d6 3. d4 cxd4 4. Nxd4 Nf6 5. Nc3 a6 6. Nb3 e6 7. g4 b5 8. Bg2
Bb7 9. Qe2 h6 10. f4 Nc6 11. O-O Be7 12. Be3 Rc8 13. g5 hxg5 14. fxg5 Nd7 15. g6
Bf6 16. gxf7+ Kxf7 17. Rad1 Nde5 18. Nc5 Ba8 19. Nd3 Qe7 20. Nf4 Kg8 21. h3 Rh7
22. Qf2 b4 23. Nce2 Nc4 24. Nd4 Nxe3 25. Nxc6 Bxc6 26. Qxe3 Bb5 27. Rf2 Rh4 28.
Ng6 Qd8 29. Nxh4 Bxh4 30. Rf3 Bf6 31. Kh1 Be5 32. Bf1 Rxc2 33. Bxb5 axb5 34.
Rdf1 Rh2+ 35. Kg1 Qh4 36. b3 Kh7 37. R1f2 Rxf2 38. Qxf2 Qh6 39. Qg2 Qc1+ 40. Rf1
Qc3 41. Kh1 Qd4 42. Qf3 Qd2 43. Qh5+ Qh6 44. Qxh6+ Kxh6 45. Rf7 Kg6 46. Rb7 Bc3
47. Rxb5 Kf6 48. Kg2 Bd2 49. Kf3 Bc3 50. Rb6 Ke5 51. Rb7 g5 52. Rg7 Bd2 53. Rb7
Kd4 54. Ra7 e5 55. Rd7 Kc5 56. Kg4 Be3 57. Kf5 Bf4 58. Rc7+ Kd4 59. Rc6 d5 60.
Rd6 Kc5 61. Rxd5+ Kb6 62. Rxe5 1-0

[Event "Women's Speed Chess Q2"]
[Site "chess.com INT"]
[Date "2021.05.29"]
[Round "12"]
[White "Vo, Thi Kim Phung"]
[Black "Pham, Le Thao Nguyen"]
[Result "1-0"]
[WhiteTitle "WGM"]
[BlackTitle "IM"]
[WhiteElo "2335"]
[BlackElo "2369"]
[WhiteFideId "12401838"]
[BlackFideId "12401226"]
[EventDate "2021.05.29"]

1. d4 d5 2. c4 c6 3. Nc3 Nf6 4. Nf3 a6 5. c5 Bf5 6. Bf4 Nbd7 7. h3 h6 8. e3 g5
9. Bg3 Bg7 10. Be2 Ne4 11. Nxe4 Bxe4 12. O-O O-O 13. b4 Re8 14. Ne5 Nxe5 15.
dxe5 Qd7 16. f3 Bg6 17. f4 f6 18. Bg4 Bf5 19. Bh5 Rf8 20. Kh2 Qe6 21. Qd4 g4 22.
a4 Kh8 23. hxg4 Bxg4 24. Bxg4 Qxg4 25. Qd1 Qxd1 26. Rfxd1 fxe5 27. fxe5 Rf5 28.
e4 Rxe5 29. exd5 Rh5+ 30. Kg1 Bxa1 31. dxc6 bxc6 32. Rxa1 Rd8 33. Re1 Rd7 34.
Be5+ Kg8 35. Re4 Rg5 36. Re2 Kf7 37. Bf4 Rg6 38. Bd2 Rd4 39. Bc3 Rc4 40. Be1
Rcg4 41. Kf1 Rf6+ 42. Kg1 Re6 43. Rf2+ Rf6 44. Re2 Rgg6 45. Bc3 Rf4 46. Rd2 h5
47. b5 Rfg4 48. b6 Rxa4 49. Rb2 Rg8 50. b7 Rb8 51. Be5 Rxb7 52. Rxb7 Rc4 53. Bd6
Ke6 54. Rxe7+ Kd5 55. Ra7 a5 56. Rxa5 Rg4 57. Ra3 h4 58. Kh2 Rg6 59. Kh3 Rh6 60.
Ra4 Rg6 61. Rg4 Rxg4 62. Kxg4 1-0

[Event "Women's Speed Chess Q2"]
[Site "chess.com INT"]
[Date "2021.05.29"]
[Round "12"]
[White "Zaichenko, Daria"]
[Black "Swati, Mohota"]
[Result "1/2-1/2"]
[WhiteTitle "WFM"]
[BlackTitle "WFM"]
[WhiteElo "2104"]
[BlackElo "2027"]
[WhiteFideId "4197453"]
[BlackFideId "5006511"]
[EventDate "2021.05.29"]

1. e4 d5 2. exd5 Qxd5 3. Nc3 Qd8 4. d4 Nf6 5. Nf3 Bg4 6. Be2 e6 7. Be3 Be7 8.
Ne5 Bxe2 9. Qxe2 c6 10. O-O O-O 11. Rad1 Nbd7 12. f4 Nd5 13. Nxd5 cxd5 14. f5 f6
15. fxe6 Nxe5 16. dxe5 fxe5 17. Rxf8+ Bxf8 18. Qd3 d4 19. Qf5 Qf6 20. Qxf6 gxf6
21. Bf2 Re8 22. c3 dxc3 23. bxc3 a6 24. Rd7 b5 25. e7 Rxe7 26. Rd6 e4 27. Be3 f5
28. Rxa6 Kf7 29. Bg5 Rc7 30. Rf6+ Kg7 31. Rxf5 Kg6 32. Rxb5 Bc5+ 33. Kf1 Kxg5
34. Ke2 Kf4 35. a4 Bg1 36. g3+ Kg4 37. Rb4 Rxc3 38. Rxe4+ Kh3 39. Rh4+ Kg2 40.
Rxh7 Bxh2 41. g4 Rc4 42. g5 Rxa4 43. g6 Be5 44. Re7 Bf6 45. Rf7 Ra6 46. g7 Bxg7
47. Rxg7+ Kh3 48. Kf3 Rf6+ 49. Ke4 Kh4 50. Rh7+ Kg5 51. Rg7+ Rg6 52. Ra7 Kf6 53.
Kd5 Rg5+ 54. Ke4 Re5+ 55. Kd4 Re6 56. Ra5 Rd6+ 57. Ke4 Re6+ 58. Kf4 Rb6 59. Ra8
Rb4+ 60. Ke3 Ke5 61. Ra5+ Kd6 62. Kd3 1/2-1/2

[Event "Women's Speed Chess Q2"]
[Site "chess.com INT"]
[Date "2021.05.29"]
[Round "12"]
[White "Balabayeva, Xeniya"]
[Black "Fernandez, Maria Florencia"]
[Result "0-1"]
[WhiteTitle "WFM"]
[BlackTitle "WIM"]
[WhiteElo "2178"]
[BlackElo "2229"]
[WhiteFideId "13719688"]
[BlackFideId "116459"]
[EventDate "2021.05.29"]

1. e4 c5 2. Nf3 d6 3. Bb5+ Nd7 4. Ba4 Nf6 5. O-O g6 6. Re1 Bg7 7. c3 O-O 8. d4
cxd4 9. cxd4 a6 10. Nc3 b5 11. Bb3 Bb7 12. a3 e5 13. Bg5 h6 14. Bxf6 Bxf6 15. d5
Bg7 16. Bc2 f5 17. g3 f4 18. Nh4 Qf6 19. Rf1 Bc8 20. Qg4 Kh7 21. Qf3 Nb6 22. Ng2
Nc4 23. Nb1 Nxb2 24. Ra2 Nc4 25. Bd3 fxg3 26. Qxg3 Qf3 27. Bxc4 bxc4 28. Qxf3
Rxf3 29. Nd2 Rc3 30. Ne3 Bh3 31. Rb1 Rc8 32. Rc2 Rxc2 33. Nxc2 Bf6 34. Rb4 c3
35. Nf3 Bd8 36. Nfe1 h5 37. f3 Bg5 38. Kf2 Bd2 39. Rb6 a5 40. Rxd6 Rb8 41. Rc6
Rb2 42. Kg3 Bf1 43. d6 Bxe1+ 44. Nxe1 Rd2 45. Rc7+ Kh6 46. d7 Bb5 47. Rxc3 Rxd7
48. Rc5 Bf1 49. Rxa5 Rd1 50. Kf2 Bh3 51. Rxe5 g5 52. a4 h4 53. Ke2 Ra1 54. a5
Ra2+ 55. Ke3 Rxh2 56. Kd3 Ra2 57. Nc2 Bf1+ 58. Kc3 h3 59. Re8 Kg6 60. Rh8 Rxa5
61. Ne3 Kg7 62. Rh5 Ra3+ 63. Kd2 Ra2+ 64. Ke1 Ra1+ 65. Kf2 Kg6 66. Rh8 Bc4 0-1

[Event "Women's Speed Chess Q2"]
[Site "chess.com INT"]
[Date "2021.05.29"]
[Round "12"]
[White "Bommini, Mounika Akshaya"]
[Black "Smirnova, Ekaterina"]
[Result "1-0"]
[WhiteTitle "WFM"]
[BlackTitle "WIM"]
[WhiteElo "2029"]
[BlackElo "2240"]
[WhiteFideId "25019872"]
[BlackFideId "4110943"]
[EventDate "2021.05.29"]

1. d4 d5 2. c4 c6 3. Nc3 Nf6 4. cxd5 cxd5 5. Bf4 Nc6 6. e3 Bf5 7. Qb3 Na5 8.
Bb5+ Bd7 9. Qa4 e6 10. Nf3 Nc6 11. Ne5 Nxe5 12. Bxe5 Bxb5 13. Nxb5 Qd7 14. Nc7+
Kd8 15. Qxd7+ Nxd7 16. Nxa8 Nxe5 17. dxe5 Bb4+ 18. Ke2 Kd7 19. Rac1 Rxa8 20. Rc2
Ba5 21. Rhc1 f6 22. exf6 gxf6 23. a4 h5 24. b4 Bd8 25. Kf3 a5 26. b5 Bb6 27. h3
Rg8 28. g3 Rg5 29. Rd2 Re5 30. Kg2 Re4 31. Ra1 f5 32. Rd3 Rb4 33. Rc3 Re4 34.
Kf1 Rb4 35. Ke2 Re4 36. f3 Rb4 37. Rc2 Rb3 38. e4 Re3+ 39. Kd2 fxe4 40. fxe4
Rxg3 41. exd5 exd5 42. Rf1 Ke6 43. Kd1 Rxh3 44. Re2+ Kd6 45. Rf6+ Kc5 46. Rc2+
Kb4 47. Rxb6 Kb3 48. Re2 Kxa4 49. Rxb7 Rb3 50. b6 Kb5 51. Rb8 Ka6 52. b7 Ka7 53.
Ree8 Rxb7 54. Rxb7+ Kxb7 55. Re5 Kc6 56. Rxh5 Kc5 57. Kc2 Kc4 58. Rh4+ d4 59.
Rh8 a4 60. Rc8+ Kb4 61. Rd8 Kc4 62. Ra8 Kb4 63. Kb2 d3 64. Rd8 Kc4 65. Rd7 a3+
66. Kxa3 Kc3 67. Rc7+ Kd2 68. Kb3 Ke1 69. Re7+ Kd1 70. Kc3 d2 71. Rd7 Kc1 72.
Rxd2 Kb1 73. Rh2 Ka1 74. Kb3 Kb1 75. Rh1# 1-0

[Event "Women's Speed Chess Q2"]
[Site "chess.com INT"]
[Date "2021.05.29"]
[Round "12"]
[White "Dordzhieva, Dinara"]
[Black "Zhai, Mo"]
[Result "1/2-1/2"]
[WhiteTitle "WGM"]
[BlackTitle "WGM"]
[WhiteElo "2334"]
[BlackElo "2366"]
[WhiteFideId "24157570"]
[BlackFideId "8600201"]
[EventDate "2021.05.29"]

1. Nf3 Nf6 2. d4 b6 3. c4 Bb7 4. g3 g6 5. Bg2 Bg7 6. O-O O-O 7. d5 e6 8. Nc3
exd5 9. cxd5 Re8 10. Re1 d6 11. e4 Na6 12. Nd4 Nc5 13. Bf4 a5 14. Qd2 Qd7 15.
Rad1 Ba6 16. Qc2 b5 17. f3 b4 18. Nb1 Nxd5 19. Bg5 h6 20. Bc1 Rab8 21. f4 b3 22.
axb3 Nb4 23. Qd2 Ncd3 24. Nf3 Nxe1 25. Nxe1 Qc6 26. Nc3 Qc5+ 27. Kh1 Re7 28. Nf3
Rbe8 29. e5 Nd3 30. Ne4 Qd5 31. Ne1 dxe5 32. Nxd3 Qxd3 33. Qxd3 Bxd3 34. Rxd3
exf4 35. Bxf4 Rxe4 36. Bxe4 Rxe4 37. Bxc7 a4 38. bxa4 Rxa4 39. b3 Ra1+ 40. Kg2
Ra2+ 41. Kg1 Bf8 42. Bb6 Rb2 43. Bf2 Rb1+ 44. Kg2 Bb4 45. Kf3 Kf8 46. h3 Ke7 47.
h4 h5 48. Rd4 Rxb3+ 49. Kg2 Bd6 50. Re4+ Kf6 51. Re8 Kf5 52. Rd8 Be5 53. Rd5 Ke6
54. Ra5 Rb2 55. Kf3 Rc2 56. Ra6+ Kf5 57. Ra7 Kf6 58. Ra6+ Kg7 59. Ra7 Bf6 60.
Ra6 Rc3+ 61. Kg2 Rb3 62. Ra5 Rb2 63. Kf3 Rb3+ 64. Kg2 Bc3 65. Ra6 Rb2 66. Kf3
Be5 67. Rc6 Bf6 68. Ra6 Rb3+ 69. Kg2 Rd3 70. Rc6 Be5 71. Ra6 Bc7 72. Rc6 Be5 73.
Ra6 Bf6 74. Rc6 Rd2 75. Kf3 Rb2 76. Ra6 Be5 77. Rc6 Bf6 1/2-1/2

[Event "Women's Speed Chess Q2"]
[Site "chess.com INT"]
[Date "2021.05.29"]
[Round "12"]
[White "Atalik, Ekaterina"]
[Black "Avramidou, Anastasia"]
[Result "1/2-1/2"]
[WhiteTitle "IM"]
[BlackTitle "FM"]
[WhiteElo "2430"]
[BlackElo "2238"]
[WhiteFideId "4130189"]
[BlackFideId "4239873"]
[EventDate "2021.05.29"]

1. Nf3 Nf6 2. e3 g6 3. g3 Bg7 4. Bg2 O-O 5. d4 d6 6. O-O Nc6 7. c4 e5 8. Nc3 Nh5
9. dxe5 dxe5 10. Qxd8 Rxd8 11. Nd5 Be6 12. Nxc7 Bxc4 13. Nxa8 Bxf1 14. Kxf1 Rxa8
15. Bd2 Nf6 16. Ke2 Rd8 17. Rc1 Ne4 18. Be1 Nd6 19. Nd2 Rc8 20. Bxc6 Rxc6 21.
Rxc6 bxc6 22. Kd3 Kf8 23. b3 Ke7 24. e4 f5 25. f3 Bh6 26. Nc4 Nxc4 27. Kxc4 Kd6
28. Bb4+ Kc7 29. Bc5 a6 30. g4 fxg4 31. fxg4 Bf4 32. h3 h5 33. Bf8 hxg4 34. hxg4
Be3 35. Bc5 Bf4 36. Bf2 Kd6 37. a4 Bd2 38. Bg3 Be3 39. Bh4 Bd4 40. Bf6 Ke6 41.
Bg7 Kf7 42. Bh6 Ke6 43. Bd2 Kd6 44. Kb4 Bb6 45. Bh6 Kc7 46. Bg7 Bd4 47. Bf8 Be3
48. Bc5 Bd2+ 49. Kc4 Kd7 50. Bf2 Kc7 51. Kc5 Bc3 52. Bh4 Bd4+ 53. Kc4 Kd6 54.
Be1 Kc7 55. Bc3 c5 56. Be1 Kc6 57. Bh4 Be3 58. Be7 Bd4 59. Bf6 Kd6 60. Bg7 Kc6
61. Bf8 Be3 62. Be7 Bd4 63. Bf6 Kd6 64. Bg7 Kc6 65. Bh8 Kd6 66. Bf6 Kc6 67. a5
Kd6 68. Bg7 Kc6 69. Bf8 Be3 70. Be7 Bd4 71. Bf8 Be3 72. Bg7 Bd4 73. b4 cxb4 74.
Kxb4 Bc5+ 75. Kc4 Bd4 76. Bf6 Ba1 77. Bg7 Bd4 78. Bf8 Ba1 79. Bb4 Bd4 80. Bd2
Kd6 81. Bb4+ Kc6 82. Bf8 Bb2 83. Bg7 Bd4 1/2-1/2

[Event "Women's Speed Chess Q2"]
[Site "chess.com INT"]
[Date "2021.05.29"]
[Round "12"]
[White "Tarasova, Viktoriya"]
[Black "Ovezdurdiyeva, Jemal"]
[Result "1-0"]
[WhiteTitle "WIM"]
[BlackTitle "WFM"]
[WhiteElo "2226"]
[BlackElo "2061"]
[WhiteFideId "4175840"]
[BlackFideId "14001888"]
[EventDate "2021.05.29"]

1. d4 Nf6 2. c4 g6 3. Nc3 Bg7 4. e4 d6 5. h3 O-O 6. Be3 Nc6 7. d5 Nb8 8. Nf3 c6
9. Bd3 cxd5 10. cxd5 e6 11. dxe6 Bxe6 12. O-O Nc6 13. Rc1 Qa5 14. a3 Rad8 15.
Nb5 d5 16. e5 Ne4 17. b4 Qa6 18. Nd6 Qxa3 19. b5 Nxe5 20. Nxb7 Rd7 21. Nxe5 Bxe5
22. Nc5 Rdd8 23. Nxe6 fxe6 24. Rc6 Rfe8 25. Bxe4 dxe4 26. Qg4 Qd3 27. Rxe6 Qxb5
28. Bxa7 Qd5 29. Rxe8+ Rxe8 30. Be3 Bc7 31. Qe2 Qe5 32. g3 Qe6 33. Kg2 Rf8 34.
Rc1 Be5 35. Qc4 Re8 36. Qxe4 Qf6 37. Qc4+ Kg7 38. Qc6 Qf7 39. Qc4 Qf6 40. h4 Rf8
41. Kg1 Qf3 42. Qc6 Bxg3 43. Qxf3 Rxf3 44. Bd4+ Kh6 45. fxg3 Rxg3+ 46. Kh2 Rd3
47. Bf2 Kh5 48. Kg2 h6 49. Rc5+ g5 50. Ra5 Kg4 51. Ra4+ Kf5 52. hxg5 hxg5 53.
Ra5+ Kg4 54. Ra4+ Kh5 55. Bg3 Rd2+ 56. Kf3 Rd3+ 57. Kg2 Rb3 58. Kh3 Rc3 59. Rb4
Rd3 60. Rb8 g4+ 61. Kg2 Rd2+ 62. Kg1 Kg5 63. Rb5+ Kg6 64. Bf2 Rc2 65. Kg2 Kf6
66. Kg3 Kg6 67. Be3 Rc3 68. Re5 Kf6 69. Re8 Kf7 70. Re4 Kf6 71. Kxg4 Rc2 72. Kf3
Rc3 73. Kf4 Kg6 74. Bd4 Rc2 75. Re6+ Kf7 76. Kf5 Rd2 77. Rf6+ Ke7 78. Re6+ Kd7
79. Re4 Kd6 80. Be5+ Kd5 81. Rf4 Re2 82. Bf6 Re6 83. Rd4+ 1-0

[Event "Women's Speed Chess Q2"]
[Site "chess.com INT"]
[Date "2021.05.29"]
[Round "12"]
[White "Von Herman, Brigitte"]
[Black "Froewis, Annika"]
[Result "0-1"]
[WhiteTitle "WFM"]
[BlackTitle "WFM"]
[WhiteElo "1991"]
[BlackElo "2143"]
[WhiteFideId "4628730"]
[BlackFideId "1621432"]
[EventDate "2021.05.29"]

1. e4 e5 2. Nf3 Nc6 3. Bc4 Bc5 4. d3 Nf6 5. c3 a6 6. Bb3 Ba7 7. Nbd2 h6 8. O-O
d6 9. Re1 g5 10. Nf1 g4 11. N3d2 h5 12. Nc4 h4 13. Bg5 g3 14. hxg3 hxg3 15. Nxg3
Rg8 16. Bxf6 Qxf6 17. Ne3 Be6 18. Qf3 Qxf3 19. gxf3 Bxb3 20. axb3 O-O-O 21. Kf1
Ne7 22. Nef5 Ng6 23. Ke2 d5 24. Ra4 Kb8 25. Rf1 Nf4+ 26. Kd2 dxe4 27. Nxe4 Rxd3+
28. Kc2 Rxf3 29. Ra5 Ng2 30. Rxe5 Ne3+ 31. Nxe3 Bxe3 32. Re7 f5 33. Nf6 Rg2 34.
Kb1 Rfxf2 35. Rxf2 Bxf2 36. Nd7+ Ka7 37. Rf7 Rg5 38. Ne5 Be3 39. Nf3 Rh5 40.
Rxc7 f4 41. Rf7 Rh1+ 42. Ka2 Rf1 43. Nh2 Rf2 44. Ng4 Rg2 45. Nxe3 fxe3 46. Re7
e2 47. b4 Kb6 48. Kb3 Kc6 49. Kc4 b5+ 50. Kd3 e1=Q 51. Rxe1 Rxb2 52. Re6+ Kb7
53. Re7+ Kb6 54. Re6+ Kb7 55. Rh6 Ra2 56. Rh7+ Kc6 57. Rh5 a5 58. Rc5+ Kb6 59.
Rh5 axb4 60. cxb4 Ra3+ 61. Kc2 Rf3 62. Rh4 Rf6 63. Kb3 Rc6 64. Rh5 Rd6 65. Rh8
Kc6 66. Rc8+ Kb7 67. Rh8 Rd3+ 68. Kc2 Rd6 69. Rh7+ Kc6 70. Rh8 Kd5 71. Rh5+ Kc4
72. Rh4+ Rd4 73. Rxd4+ Kxd4 74. Kb3 Kd3 75. Kb2 Kc4 76. Ka3 Kc3 77. Ka2 Kc2 78.
Ka3 Kc3 79. Ka2 Kxb4 80. Kb2 Kc4 81. Kc2 b4 82. Kb2 b3 83. Kb1 Kc3 84. Kc1 Kb4
85. Kb2 Ka4 86. Ka1 Ka3 87. Kb1 Kb4 88. Kb2 Kc4 89. Kc1 Kc3 90. Kb1 b2 91. Ka2
Kc2 92. Ka3 b1=Q 93. Ka4 Qb3+ 94. Ka5 Kc3 0-1

[Event "Women's Speed Chess Q2"]
[Site "chess.com INT"]
[Date "2021.05.29"]
[Round "12"]
[White "Berend, Elvira"]
[Black "Nomin-Erdene, Davaademberel"]
[Result "1/2-1/2"]
[WhiteTitle "WGM"]
[BlackTitle "IM"]
[WhiteElo "2326"]
[BlackElo "2382"]
[WhiteFideId "4000510"]
[BlackFideId "4900782"]
[EventDate "2021.05.29"]

1. e4 c6 2. d4 d5 3. exd5 cxd5 4. Bd3 Nc6 5. c3 g6 6. h3 Nf6 7. Nf3 Bf5 8. O-O
Bxd3 9. Qxd3 Bg7 10. Re1 O-O 11. Nbd2 a6 12. Nb3 b5 13. Bf4 Ne4 14. Nfd2 Nd6 15.
Nc5 b4 16. Nf3 bxc3 17. bxc3 Nc4 18. Nd2 N6a5 19. Ndb3 Re8 20. Rab1 e6 21. Re2
Nc6 22. Rbe1 Bf8 23. Bg3 a5 24. a4 Bd6 25. Nb7 Qe7 26. Nxd6 Nxd6 27. h4 Nf5 28.
h5 Rec8 29. Nc5 Nd8 30. Qf3 Nxg3 31. Qxg3 Qf6 32. Re3 Rab8 33. Rf3 Qg7 34. Qg5
h6 35. Qg4 g5 36. Nd7 Rb3 37. Nf6+ Kh8 38. Ree3 Nc6 39. Nxd5 Rb1+ 40. Kh2 Rd8
41. Nf6 Ne7 42. Qe4 Rbb8 43. c4 Nf5 44. Ng4 Ne7 45. Rf6 Nf5 46. Rd3 Rbc8 47. Qe5
Kg8 48. c5 Rd7 49. g3 Rd5 50. Qe4 Rcd8 51. c6 Rxd4 52. Rxd4 Rxd4 53. Qe5 Rxg4
54. c7 Rc4 55. Rxf5 Qxe5 56. Rxe5 Rxc7 57. Rxa5 Rc2 58. Kg2 Kg7 59. Ra8 Ra2 60.
a5 e5 61. a6 Ra3 62. a7 f5 63. Kf1 e4 64. Ke2 Kh7 65. Rf8 Rxa7 66. Rxf5 Kg7 67.
Re5 Ra4 68. Ke3 Kf6 69. Rxe4 Ra3+ 70. Ke2 Kf5 71. Re8 Ra2+ 72. Kf3 Ra3+ 73. Re3
Ra2 74. g4+ Kf6 75. Rb3 Ra4 76. Rb6+ Kg7 77. Kg3 Rf4 78. Rg6+ Kh7 79. Re6 Ra4
80. Re7+ Kg8 81. f3 Kf8 82. Rh7 Ra6 83. Kf2 Re6 84. Rc7 Kg8 85. Rc4 Kg7 86. Re4
Rd6 87. Ke3 Ra6 88. Rd4 Re6+ 89. Kd3 Rf6 90. Ke4 Rf4+ 91. Ke3 Rf6 92. Rd7+ Kg8
93. Rd4 Kg7 94. Re4 Rb6 95. Kd4 Rb3 96. Re3 Rb4+ 97. Kc5 Rf4 98. Kd6 Rf6+ 99.
Kd7 Rf4 100. Kd6 Rf6+ 101. Ke5 Rf4 102. Rc3 Rf7 103. Ke6 Rf6+ 104. Kd5 Rf7 105.
Ke4 Rf4+ 106. Ke5 Rf7 107. Rb3 Re7+ 108. Kd6 Rf7 109. Re3 Rf6+ 1/2-1/2

[Event "Women's Speed Chess Q2"]
[Site "chess.com INT"]
[Date "2021.05.29"]
[Round "13"]
[White "Starosta, Martyna"]
[Black "Zaksaite, Salomeja"]
[Result "1-0"]
[WhiteTitle "WCM"]
[BlackTitle "WIM"]
[WhiteElo "1910"]
[BlackElo "2202"]
[WhiteFideId "21818754"]
[BlackFideId "12801496"]
[EventDate "2021.05.29"]

1. e4 b6 2. d4 g6 3. Nc3 Bg7 4. Nf3 Bb7 5. Bd3 e6 6. O-O Ne7 7. Bg5 d6 8. e5 Nd7
9. exd6 h6 10. Bxe7 cxd6 11. Bxd8 1-0

[Event "Women's Speed Chess Q2"]
[Site "chess.com INT"]
[Date "2021.05.29"]
[Round "13"]
[White "Assaubayeva, Bibisara"]
[Black "Perez Rodriguez, Jennifer"]
[Result "1-0"]
[WhiteTitle "IM"]
[BlackTitle "WIM"]
[WhiteElo "2381"]
[BlackElo "2251"]
[WhiteFideId "13708694"]
[BlackFideId "3507831"]
[EventDate "2021.05.29"]

1. d4 Nf6 2. c4 e6 3. Nf3 d5 4. Nc3 Be7 5. Bg5 O-O 6. Qc2 Nbd7 7. O-O-O c5 8. e4
dxe4 9. Nxe4 Nxe4 10. Bxe7 Qxe7 11. Qxe4 Nf6 12. Qh4 cxd4 13. Bd3 Bd7 14. Bxh7+
Kh8 15. Rxd4 Qc5 16. Bc2+ Kg8 17. Rxd7 1-0

[Event "Women's Speed Chess Q2"]
[Site "chess.com INT"]
[Date "2021.05.29"]
[Round "13"]
[White "Mohota, Nisha"]
[Black "Tarasova, Viktoriya"]
[Result "1-0"]
[WhiteTitle "IM"]
[BlackTitle "WIM"]
[WhiteElo "2195"]
[BlackElo "2226"]
[WhiteFideId "5004330"]
[BlackFideId "4175840"]
[EventDate "2021.05.29"]

1. b3 Nf6 2. Bb2 d5 3. e3 c5 4. f4 Nc6 5. Nf3 e6 6. Bb5 Bd6 7. Bxc6+ bxc6 8. O-O
Qc7 9. Qe1 Qe7 10. Ne5 Bb7 11. d3 O-O-O 12. Nd2 Kb8 13. Ndf3 Ne8 14. c4 h5 15.
Nd2 f6 16. Ng6 Qf7 17. Nxh8 Nc7 18. Nxf7 1-0

[Event "Women's Speed Chess Q2"]
[Site "chess.com INT"]
[Date "2021.05.29"]
[Round "13"]
[White "Adam, Ernestina"]
[Black "Ziegenfuss, Antonia"]
[Result "0-1"]
[WhiteTitle "WCM"]
[BlackTitle "WFM"]
[WhiteElo "1354"]
[BlackElo "2157"]
[WhiteFideId "165883"]
[BlackFideId "12962554"]
[EventDate "2021.05.29"]

1. e4 c5 2. Nf3 e6 3. d4 cxd4 4. Nxd4 Nc6 5. Nc3 Qc7 6. Nxc6 bxc6 7. Bd3 Nf6 8.
O-O Be7 9. Kh1 O-O 10. Qe2 d5 11. f4 Re8 12. Be3 Bb7 13. e5 Nd7 14. f5 Qxe5 15.
fxe6 fxe6 16. Qd2 d4 17. Bf4 dxc3 18. Qf2 Qh5 19. Qe3 Bc5 20. Bc4 Bxe3 21. Bxe3
Nf6 22. bxc3 Rad8 23. Rab1 Ba8 24. Bd3 c5 25. Rf2 Ng4 26. Re2 Qxh2# 0-1

[Event "Women's Speed Chess Q2"]
[Site "chess.com INT"]
[Date "2021.05.29"]
[Round "13"]
[White "Belanoff, Ted"]
[Black "Farhat Willemstein, Stela Souza"]
[Result "1-0"]
[BlackTitle "WFM"]
[WhiteElo "2039"]
[BlackElo "1758"]
[WhiteFideId "2070588"]
[BlackFideId "2109808"]
[EventDate "2021.05.29"]

1. d4 d5 2. c4 e6 3. Nc3 Nf6 4. Nf3 Be7 5. Bg5 O-O 6. Bxf6 Bxf6 7. e3 Nd7 8. h4
dxc4 9. Bxc4 Nb6 10. Bd3 Nd5 11. e4 Nxc3 12. bxc3 Bd7 13. e5 Be7 14. Bxh7+ Kxh7
15. Ng5+ Bxg5 16. hxg5+ Kg8 17. Qh5 f6 18. g6 1-0

[Event "Women's Speed Chess Q2"]
[Site "chess.com INT"]
[Date "2021.05.29"]
[Round "13"]
[White "Kulkarni, Bhakti"]
[Black "Shuvalova, Polina"]
[Result "0-1"]
[WhiteTitle "IM"]
[BlackTitle "IM"]
[WhiteElo "2391"]
[BlackElo "2484"]
[WhiteFideId "5019516"]
[BlackFideId "24171760"]
[EventDate "2021.05.29"]

1. d4 Nf6 2. Nf3 e6 3. e3 b6 4. Bd3 Bb7 5. O-O Be7 6. c4 c5 7. Nc3 cxd4 8. exd4
O-O 9. d5 exd5 10. Nxd5 Nxd5 11. cxd5 d6 12. Re1 Bf6 13. Bf4 Na6 14. Rc1 Nc5 15.
Bb1 a5 16. Qd2 Qd7 17. Ng5 g6 18. Ne4 Nxe4 19. Rxe4 Rfe8 20. Rec4 Qb5 21. Bxd6
Rad8 22. Qf4 Qxd5 23. f3 Qxd6 24. Qg4 Bxb2 25. Rf1 Bg7 26. h4 Ba6 0-1

[Event "Women's Speed Chess Q2"]
[Site "chess.com INT"]
[Date "2021.05.29"]
[Round "13"]
[White "Atalik, Ekaterina"]
[Black "Cori T., Deysi"]
[Result "0-1"]
[WhiteTitle "IM"]
[BlackTitle "WGM"]
[WhiteElo "2430"]
[BlackElo "2388"]
[WhiteFideId "4130189"]
[BlackFideId "3801934"]
[EventDate "2021.05.29"]

1. Nf3 d5 2. e3 Nf6 3. c4 c6 4. Nc3 g6 5. b3 Bg7 6. Bb2 O-O 7. Be2 Qd6 8. O-O a6
9. Rc1 e5 10. cxd5 cxd5 11. d4 e4 12. Ne5 Nbd7 13. Na4 Re8 14. Rc2 h5 15. Qc1
Nh7 16. Ba3 Qf6 17. Rc7 Nxe5 18. dxe5 Qg5 19. h4 Qxh4 20. Nb6 Bxe5 21. g3 Bxg3
22. fxg3 Qxg3+ 23. Kh1 Bh3 24. Rf2 Qxf2 0-1

[Event "Women's Speed Chess Q2"]
[Site "chess.com INT"]
[Date "2021.05.29"]
[Round "13"]
[White "Petrova, Irina"]
[Black "Kiran, Manisha Mohanty"]
[Result "1-0"]
[WhiteTitle "WIM"]
[BlackTitle "WGM"]
[WhiteElo "2110"]
[BlackElo "2168"]
[WhiteFideId "14124122"]
[BlackFideId "5019575"]
[EventDate "2021.05.29"]

1. e4 c5 2. Nf3 d6 3. Bb5+ Nd7 4. O-O Nf6 5. Re1 a6 6. Bf1 e5 7. c3 Be7 8. d4
O-O 9. a4 b6 10. Nbd2 Re8 11. d5 Bf8 12. b4 g6 13. Qc2 Nh5 14. Nc4 Bb7 15. Ne3
Nf4 16. g3 Nh5 17. Bd2 Rc8 18. b5 axb5 19. axb5 c4 20. Nxc4 Nc5 21. Ra7 Ba8 22.
Rea1 Ng7 23. Bg5 f6 24. Bh6 Re7 25. Rxe7 Qxe7 26. Bxg7 Qxg7 27. Ne3 Qf7 28. Bh3
Rb8 29. Nd2 Bb7 30. Nb3 Nxb3 31. Be6 Bc8 32. Bxf7+ Kxf7 33. Qxb3 1-0

[Event "Women's Speed Chess Q2"]
[Site "chess.com INT"]
[Date "2021.05.29"]
[Round "13"]
[White "Gaponenko, Inna"]
[Black "Khalafova, Narmin"]
[Result "1-0"]
[WhiteTitle "IM"]
[BlackTitle "WGM"]
[WhiteElo "2357"]
[BlackElo "2279"]
[WhiteFideId "14101181"]
[BlackFideId "13402625"]
[EventDate "2021.05.29"]

1. e4 c5 2. c3 b6 3. d4 cxd4 4. cxd4 Bb7 5. Nc3 g6 6. Nf3 Bg7 7. Bc4 e6 8. O-O
Ne7 9. d5 exd5 10. exd5 d6 11. Bb5+ Kf8 12. Re1 a6 13. Ba4 b5 14. Bb3 h6 15. Bf4
g5 16. Bg3 Nf5 17. Bc2 Nxg3 18. fxg3 Nd7 19. Rf1 Ne5 20. Nxe5 Bxe5 21. Bg6 f6
22. Bf5 Kg7 23. Be6 h5 24. Qd3 Qb6+ 25. Kh1 g4 26. Ne4 h4 27. Qe2 hxg3 28. Qxg4+
Kf8 29. h3 Rh6 30. Qg8+ Ke7 31. Qf7+ 1-0

[Event "Women's Speed Chess Q2"]
[Site "chess.com INT"]
[Date "2021.05.29"]
[Round "13"]
[White "Mkrtchian, Lilit"]
[Black "Gu, Xiaobing"]
[Result "1-0"]
[WhiteTitle "IM"]
[BlackTitle "WGM"]
[WhiteElo "2388"]
[BlackElo "2263"]
[WhiteFideId "13300601"]
[BlackFideId "8602611"]
[EventDate "2021.05.29"]

1. e4 c5 2. Nc3 Nc6 3. Nge2 g6 4. d4 cxd4 5. Nxd4 Bg7 6. Be3 a6 7. Qd2 d6 8. f3
Nf6 9. O-O-O Qa5 10. Kb1 Nxd4 11. Bxd4 b5 12. g4 Be6 13. g5 b4 14. Nd5 Nxd5 15.
exd5 Bxd5 16. b3 Bxf3 17. Bxg7 Bxh1 18. Bxh8 Rc8 19. Bb2 Be4 20. Bd3 Bxd3 21.
Qxd3 Qxg5 22. Qxa6 Qc5 23. Qd3 h5 24. Re1 Kf8 25. Qe4 e5 26. Rf1 Kg8 27. h4 d5
28. Qxe5 Qxc2+ 29. Ka1 Kf8 30. Qg7+ 1-0